00684nam a2200169 a 4500003000200000005001700002008004100019050003000060100003200090245009000122260009000212300005200302504004100354650005900395650003600454650002400490020250428092916.0050808s19uu xx 00 eng d aPHS RC 567.F33b.B84 2005 aBuendia, Alyssa Danielle S. aFactors that influence the smoking habits of teenagers /cAlyssa Danielle S. Buendia. aLas Piñas City, Philippines :bSouthville International School and Colleges,c2005. avi, 36 pages :bcolored illustrations ;c28 cm. aIncludes bibliographical references. 2Library of Congress Subject HeadingsaTeenage smoking. aSmokingxPsychological aspects. aYouthxTobacco use.